Performing Arts Journal

محفوظ في:

التنسيق: دورية

اللغة: Undetermined

منشور في: JSTOR
Performing Arts Journal, Inc

الموضوعات:

الوصول للمادة أونلاين: Login to view Source

الوسوم: إضافة وسم

لا توجد وسوم, كن أول من يضع وسما على هذه التسجيلة!

رقم الطلب:

LEADER 00592nas a2200205Ia 4500
008 220214c99999999xx |||||||||||| ||und||
022 |a 0735-8393 
022 |a 1086-3281 
245 0 0 |a Performing Arts Journal 
264 1 |b JSTOR 
264 1 |b Performing Arts Journal, Inc 
362 0 |a Vol. 1(1976)-19 (1997) 
653 1 0 |a Arts 
653 1 0 |a Film Studies 
653 1 0 |a Humanities 
653 1 0 |a Performing Arts 
856 4 0 |u https://www.jstor.org/journal/performingartsj 
942 |c JL 
952 |0 0  |1 0  |4 0  |7 1  |9 36586  |a JSR  |b JSR  |d 2022-02-14  |l 0  |r 2022-02-14 00:00:00  |w 2022-02-14  |y JL 
999 |c 44918  |d 44918